Score 0/18 Timer 02:00
0 Plays Today
% Correct
•THE•
97.1%
SEE
96.5%
TIE
96.5%
SHE
94.7%
PARK
90.6%
•NEW•
89.1%
PEEK
88.9%
PIE
88.1%
NÉE
87.2%
% Correct
DARK
85.7%
PERK
84.7%
PEAR
84%
•CORK•
83.1%
PEER
82.9%
DORK
82%
•POP•
81.5%
PIP
79.1%
•YEAR•
69.1%

Today's Daily Dose

Remove Ads.
Support Sporcle.
Get the best of Sporcle when you Go Orange. This ad-free experience offers more features, more stats, and more fun while also helping to support Sporcle. Thank you for becoming a member.

You're not logged in!

Compare scores with friends on all Sporcle quizzes.
OR
Log In

Show Comments

Extras

Top Quizzes Today


Score Distribution

Your Account Isn't Verified!

In order to create a playlist on Sporcle, you need to verify the email address you used during registration. Go to your Sporcle Settings to finish the process.

Report this User

Report this user for behavior that violates our Community Guidelines.

Details: